Causas de violencia de género : tercer informe estadístico /
Guardado en:
| Autor Corporativo: | |
|---|---|
| Formato: | Desconocido |
| Idioma: | Spanish |
| Publicado: |
Ciudad Autonoma de Buenos Aires :
Jusbaires,
2017.
|
| Edición: | 1a. ed. |
| Series: | Colección Institucional
|
| Materias: | |
| Etiquetas: |
Agregar Etiqueta
Sin Etiquetas, Sea el primero en etiquetar este registro!
|
| LEADER | 01116nac a22002175a 4500 | ||
|---|---|---|---|
| 001 | DER.der014023 | ||
| 008 | 190910i2017####ag#||||||||||||||#||spa|| | ||
| 005 | 20240305092717.0 | ||
| 245 | 1 | 0 | |a Causas de violencia de género : |b tercer informe estadístico / |c Consejo de la Magistratura de la Ciudad Autónoma de Buenos Aires. |
| 250 | |a 1a. ed. | ||
| 260 | |a Ciudad Autonoma de Buenos Aires : |b Jusbaires, |c 2017. | ||
| 300 | |a 296 p. | ||
| 440 | 0 | |a Colección Institucional | |
| 500 | |a Tercer informe estadístico sobre la utilización de medios alternativos de resolución de conflictos en casos que involucran hechos de violencia contra la mujer en causas penales y contravencionales iniciadas ante la Justicia en lo Penal, Contravencional y de Faltas en la Ciudad Autónoma de Buenos Aires entre el 1° de enero y el 31 de diciembre de 2015. | ||
| 020 | |a 9789874057532 | ||
| 110 | 2 | |a Consejo de la Magistratura de la Ciudad Autónoma de Buenos Aires. | |
| 650 | 7 | |a MEDIACION | |
| 650 | 7 | |a ASISTENCIA A LA VICTIMA | |
| 650 | 7 | |a ACUERDO DE MEDIACION | |
| 650 | 7 | |a DENUNCIAS | |
| 859 | |a DERECHO |b BIB. DERECHO |h 362.829 |i CON |p 009241 | ||
